Gold Coast Suns Roster - Statistics

General Stats
  • This quiz has been taken 2 times
  • The average score is 23 of 44
Answer Stats
Hint Answer % Correct
34 Ben King
100%
22 Ben Long
100%
6 Bodhi Uwland
100%
10 Charlie Ballard
100%
3 Christian Petracca
100%
9 Jamarra Ugle-Hagen
100%
1 Mac Andrew
100%
18 Matt Rowell
100%
23 Ned Moyle
100%
15 Noah Anderson
100%
33 Sam Clohesy
100%
25 Sam Collins
100%
11 Touk Miller
100%
32 Zeke Uwland
100%
5 Alex Davies
50%
41 Avery Thomas
50%
38 Beau Addinsall
50%
44 Ben Jepson
50%
30 Dylan Patterson
50%
35 Jai Murray
50%
29 Jake Rogers
50%
28 Jarod Witts
50%
40 Joel Jeffrey
50%
2 John Noble
50%
50 Jy Farrar
50%
43 Koby Coulson
50%
39 Lachlan Gulbin
50%
8 Leonardo Lombard
50%
37 Max Knobel
50%
48 Oscar Adams
50%
27 Will Powell
50%
42 Asher Eastham
0%
19 Bailey Humphrey
0%
46 Caleb Graham
0%
45 Caleb Lewis
0%
31 Cooper Bell
0%
17 Daniel Rioli
0%
12 Elliott Himmelburg
0%
20 Ethan Read
0%
4 Jed Walters
0%
14 Lachie Weller
0%
7 Nick Holman
0%
26 Will Graham
0%
36 Zak Evans
0%
No matching quizzes found
Score Distribution
Percent of People with Each Score
Percentile by Number Answered
Your Score History
You have not taken this quiz